[Event "EU-Cup 21st"]
[Site "Saint Vincent"]
[Date "2005.09.18"]
[Round "1.6"]
[White "Hammer, Jon Ludvig"]
[Black "Markowski, Tomasz"]
[Result "0-1"]
[WhiteElo "2318"]
[BlackElo "2564"]
[Annotator "Marin,M"]
[PlyCount "86"]
[EventDate "2005.09.18"]
[EventType "team-swiss"]
[EventRounds "7"]
[EventCountry "ITA"]
[SourceTitle "CBM 110"]
[Source "ChessBase"]
[SourceDate "2006.01.31"]
[SourceVersion "1"]
[SourceVersionDate "2006.01.31"]
[SourceQuality "1"]
[WhiteTeam "Oslo"]
[BlackTeam "Warsaw Polonia"]
[WhiteTeamCountry "NOR"]
[BlackTeamCountry "POL"]

1. e4 g6 2. d4 Bg7 3. Nc3 d6 4. f4 Nf6 5. Nf3 O-O 6. Bd3 Na6 7. O-O c5 8. d5
Rb8 {This move, once considered to be the main line, is less fashionable
nowadays.} (8... Bg4 {is more frequently seen in recent years.}) 9. f5 $5 {
This move, popularized by Acs, is one of the main reasons for Black's switch
to 8...Bg4.One of Black's main ideas in the lines starting with 8...Rb8 is to
reduce White's attacking potential with a well timed Bg4xf3. The early advance
of the f-pawn physically prevents this manoeuvre.} Qa5 $5 $146 {Black creates
such threats as ...b5 or, even more dangerous, ...c4.} (9... Nb4 10. Be2 (10.
fxg6 $5 hxg6 11. Be2 {avoids the complications and maintains the attacking
chances intact.} Bg4 12. Ng5 Qd7 13. a3 Na6 14. Qe1 Nc7 15. Bd3 b5 16. Qh4 Rfc8
17. Be3 c4 18. e5 cxd3 19. exf6 exf6 20. Qh7+ Kf8 21. Nge4 Ne8 22. Rae1 dxc2
23. Bh6 Bxh6 24. Qh8+ Ke7 25. Nxf6+ {1-0 Acs,P (2542)-Spasov,V (2590)/Budapest
2000/CBM 078}) 10... gxf5 11. exf5 Bxf5 12. a3 Bxc2 $5 (12... Na6 13. Nh4 Bg6
14. Nf5 Bxf5 15. Rxf5 Nc7 16. Bg5 Qd7 17. Qd3 b5 18. Raf1 b4 19. Bxf6 Bxf6 20.
Ne4 Bd4+ 21. Kh1 f6 22. Qh3 Kh8 23. Ng5 e6 24. Nxh7 {1-0 Acs,P (2420)
-Lorscheid,G (2330)/Budapest 1997/CBM 058 ext}) (12... Nxc2 13. Nh4 Nxa1 14.
Nxf5 $40) 13. Qd2 Bg6 (13... Qa5 $5 14. axb4 Qxa1 15. Qxc2 cxb4 {is an
alternate way to stirr up huge complications.}) 14. axb4 cxb4 15. Nd1 $14 {
1/2-1/2 Nataf,I (2485)-Marin,M (2545)/Andorra 1998/EXT 2003/[Marin,M] (52)
Black's compensation is insufficient, although the position remains enormously
complicated, which caused White to get on the losing side at a later moment.})
(9... b5 $6 {looks premature:} 10. fxg6 (10. Nxb5 gxf5) 10... fxg6 11. Bxb5 (
11. Nxb5 $1 $16) 11... Nxe4 12. Nxe4 Rxb5 13. Qe2 c4 $132 {1-0 Parligras,M 
(2441)-Vajda,L (2447)/Eforie Nord 2000/CBM 081 (39)}) (9... gxf5 10. exf5 Nc7 {
Quite provocative, I agree. At the cost of opening his king's position, Black
chronically weakens the d5-pawn.} (10... Nb4 {could eventually transpose to
the game Nataf-Marin}) 11. a4 (11. Qe1 b5 12. Qg3 Kh8 {[%csl Rd5][%cal Yb5b4,
Yc8b7,Yf8g8]}) 11... Ncxd5 12. Nxd5 Nxd5 13. Ng5 Nf6 14. Qe1 d5 15. Nxh7 $5 {
A completely unexpected move, typical for Larry's daring style.} (15. Bf4 Bd7
$5 16. Bxb8 Qxb8 17. Qxe7 $2 c4 18. Be2 h6 19. Nf3 Re8) ({Objectively,} 15. Qh4
$1 {should be regarded as stronger.}) 15... Nxh7 16. Qg3 c4 (16... Qb6 $142 17.
a5 Qc6 18. Qxb8 c4 19. Be2 Bxf5 $13) 17. f6 exf6 (17... Nxf6 $1 18. Rxf6 e5 19.
Bg5 cxd3 20. Rxf7 Rxf7 21. Bxd8 Bf5 $132) 18. Bxh7+ Kxh7 19. Ra3 (19. Qxb8 Qb6+
20. Kh1 Bf5 21. Qf4 Bxc2 22. Ra3 Bd3 $44) 19... Bd7 20. Qh4+ Kg8 21. Rg3 f5 22.
Qh6 (22. Qd4 $142 f6 23. Bh6 Rf7 24. Bxg7 Rxg7 25. Qxd5+ Kf8 26. Qd6+ Kf7 27.
Rxg7+ Kxg7 28. Rd1 $14) 22... Qb6+ 23. Be3 (23. Qxb6 axb6 24. Bh6 Kh7 25. Bxg7
Rg8 26. Bd4 Rxg3 27. hxg3 $11) 23... Qxh6 24. Bxh6 Kh7 25. Bxg7 Rg8 26. Be5
Rxg3 27. Bxg3 Re8 $15 {0-1 Christiansen,L-Marin,M/rapid, World Chess Network
2000/WCN/[Marin,M] (41)}) (9... Nc7 10. a4 (10. fxg6 $5 {[%cal Yd1e1,Ye1h4]})
10... gxf5 11. Nh4 $5 (11. exf5 {would transpose to the game Christiansen-Marin
}) 11... e6 $2 {This allows White get a strong attack for free.} ({The
critical test for the pawn sacrifice is} 11... fxe4 12. Nxe4 Ncxd5 {bringing
the queen's knight closer to the king and refraining from weakening the
structure.}) 12. dxe6 fxe6 13. exf5 $36 {1-0 Van der Weide,K (2472)-Pribyl,J 
(2412)/Triesen 2005/CBM 106 ext (24)}) 10. Qe2 {By increasing the pressure
along the f1-a6 diagonal, White physically prevents both Black's threats.} ({
The attempt to imeediately transfer the queen to the king side with} 10. Qe1 {
would allow} c4 $1 11. Be2 Nb4 12. Bd1 gxf5 $132) ({However,} 10. Kh1 $5 {
(Preventing ...c4) deserves serious attention:} b5 (10... Nb4 11. fxg6 hxg6 12.
Be2 Bg4 13. a3 {leaves the black queen rather misplaced in view of White's
king side attack.}) 11. e5 dxe5 12. Nxe5 $14) 10... Nb4 11. Bc4 a6 {Black
renews the threat. The White bishop seems to be in trouble.} 12. a3 $6 ({
In a game played in the same tournament just a couple of days later, (and
where a slightly different move order was used to reach this same position)
White managed to highlight the drawback of Black's plan:} 12. fxg6 $1 $146 {
(It is important to prevent Black from weakening the d5-square by means of ..
gxf5)} hxg6 13. Qd1 $1 b5 14. Be2 e6 15. dxe6 Bxe6 16. a3 Nc6 17. Qxd6 Nd4 18.
Nxd4 cxd4 19. Nd5 (19. Qxd4 Ng4 $44 {[%cal Ya7g1]}) (19. e5 $1 Nd7 20. Qxd4
Nxe5 21. Qh4 $16) 19... Nxd5 20. exd5 Rbd8 21. Qg3 Bxd5 22. Bg5 Rde8 23. Bd3
Re6 $11 {1/2-1/2 Van Haastert,E (2398)-Kekelidze,M (2473)/Saint Vincent 2005/
CBM 110_01 (51)}) 12... b5 13. Bb3 c4 14. Ba2 (14. Ba4 Nbxd5 $1 15. exd5 Bxf5
$132) 14... Nxa2 15. Nxa2 gxf5 16. Nb4 fxe4 17. Ng5 Bb7 $17 {White's attacking
chances are questionable, while his material disadvantage will soon tell.
However, it is early to consider Black's new idea as entirely viable, in view
of White's possible improvments on the 10th and 12th moves.} 18. Bd2 Qb6+ 19.
Be3 Qc7 20. Bd4 a5 21. Na2 Bxd5 22. Nc3 Bc6 23. Bxf6 exf6 24. Ngxe4 b4 25. axb4
axb4 26. Qg4 Kh8 27. Ne2 f5 28. Qxf5 Rb5 29. Qf4 Be5 30. Qh6 Rg8 31. N2g3 Qe7
32. Nf6 Rg7 33. Rae1 Qd8 34. Re2 Bxg3 35. hxg3 Rbg5 36. Re3 Qb6 37. Rfe1 Rxg3
38. Kf1 Bxg2+ 39. Kf2 Bc6 40. Kf1 Rg1+ 41. Ke2 R7g2+ 42. Kd1 Qd4+ 43. Rd3 Rxe1+
0-1

[Event "EU-ch 9th"]
[Site "Plovdiv"]
[Date "2008.04.25"]
[Round "5"]
[White "Chudinovskih, Alexander"]
[Black "Marin, Mihail"]
[Result "0-1"]
[WhiteElo "2392"]
[BlackElo "2556"]
[Annotator "Marin,M"]
[PlyCount "128"]
[EventDate "2008.04.21"]
[EventType "swiss"]
[EventRounds "11"]
[EventCountry "BUL"]
[SourceTitle "CBM 124"]
[Source "ChessBase"]
[SourceDate "2008.05.28"]
[SourceVersion "1"]
[SourceVersionDate "2008.05.28"]
[SourceQuality "1"]

1. e4 d6 2. d4 Nf6 3. Nc3 g6 4. f4 Bg7 5. Bd3 O-O 6. Nf3 Na6 7. O-O c5 8. d5
Bg4 9. Qe1 {This straightforward attacking move is justly considered to be
premature in view of Black's reply.} Nb4 $1 {The vulnerability of the
queenside will not allow White to dispose his attacking forces in an optimal
way.} 10. Qh4 ({The more solid} 10. a3 {fails to prevent Black's queenside
play.} Nxd3 11. cxd3 Rb8 12. Nd2 (12. Qh4 b5 13. f5 b4 14. Nd1 Qb6 {offered
Black excellent counterplay, in view of the weakness of White's back rank,
Saravanan,V (2375)-Marin,M (2545)/Andorra 1998/EXT 2003/[Marin,M] (0-1, 30).
In this game, the moves ...Bg4 and ...Rb8 were played in reversed order.})
12... Bd7 $1 {Black has to evacuate the bishop.} (12... b5 13. f5 b4 14. axb4
cxb4 15. Na4 gxf5 16. h3 $16 {[%csl Gg4]}) 13. a4 e6 14. dxe6 fxe6 15. Nc4 d5
16. Ne5 Be8 $5 {[%csl Ga4,Gg6]} (16... Bc8 {was the start of a series of moves
without a clear plan.} 17. Bd2 Nd7 18. Qg3 Nf6 $6 19. Rad1 $14 {Polgar,S (2425)
-Piket,M (2350)/Amsterdam 1990/CBM 020/[King] (1-0, 48)}) 17. Bd2 Nd7 18. Qg3
Nxe5 19. fxe5 Rxf1+ 20. Rxf1 d4 $132) 10... c4 $1 11. Bxc4 Nxc2 12. Rb1 Rc8 {
During the game, I established that it is better to refrain from ...Bxf3 or ...
Qb6+ as much as possible. here are two lines that suggest that my judgement
was right.} (12... Bxf3 13. Rxf3 Rc8 14. Bf1 $5) (12... Qb6+ 13. Kh1 Rfc8 14.
Bb3 Qa6 15. Bd2 Qd3 {Tseitlin,M (2440)-Pein,M (2450)/Tel Aviv 1992/CBM 029 ext
(1/2-1/2, 40)} 16. e5 $1 $40 dxe5 (16... Bxf3 17. Rxf3 Qxd2 18. Rd1 $1 $16) 17.
fxe5 Bxf3 18. Rxf3 Qxd2 19. exf6 Bxf6 20. Rxf6 exf6 21. Rd1 $16 {[%csl Gc2]})
13. Bb3 (13. Bd3 Bxf3 14. Rxf3 Qb6+ 15. Qf2 (15. Kh1 Rxc3 $1) 15... Ne1 $1 $15)
13... Bxf3 14. Bxc2 {Aiming to muddy the waters by leaving the enemy bishop in
an uncomfortable position.} (14. Rxf3 Nd4 15. Rh3 Nxb3 ({During the game I
planned} 15... h5 $5 $15) 16. axb3 h5 17. Rf3 Qb6+ 18. Kh1 Qxb3 $17 {Plachetka,
J (2460)-Jansa,V (2460)/Czechoslovakia 1992/TD (0-1, 27)}) 14... Be2 ({Again,
I refrained from} 14... Qb6+ {because of} 15. Qf2 $1 {re-centralizing the
queen that had failed to threaten the king.} ({I was seduced by the variation} 
15. Rf2 $2 Ng4 16. gxf3 Nxf2 17. Kg2 Nd1 $1 $19) (15. Kh1 Be2 16. Re1 Bc4 17.
Be3 {Rogers,I (2545)-Torre,E (2530)/San Francisco 1991/CBM 023/[King] (1/2-1/2,
49)} Qa6) 15... Be2 16. Be3 Qa6 17. Rfe1 Bd3 $11) 15. Re1 (15. Rf2 $5) 15...
Bc4 $15 {I was not aware of the fact that all these moves had been played
already and in fact spent a lot of time to reach this position.} ({The
"involuntary" novelty looks better than} 15... Ba6 {Hagarova,Z-Fierro Baquero,
M/Bratislava 1993/TD (0-1, 63)}) 16. Bd2 {[%csl Gc3] After the game, my
opponent confessed that he just blundered the a2-pawn, but during the game I
thought that his move was the best way to keep White's position viable somehow.
} (16. Be3 b5 (16... Bxa2 17. Ra1 Bc4 18. Rxa7 Ba6 $13) 17. a3 (17. b3 Bxd5 $1
$19) 17... a5 $15) 16... Bxa2 17. Ra1 Bc4 ({I rejected} 17... Bb3 {because
after} 18. Bxb3 {I would have been forced to... play} Qb6+ {anyway, with the
same drawback as before:} 19. Qf2 Qxb3 20. Qxa7 $13) 18. Kh1 (18. Rxa7 $2 Qb6+
({During the game I relied on} 18... Ba6 $15 {trapping the rook.}) 19. Qf2 Rc5
$3 $17 {[%cal Gf6g4]}) 18... a5 $5 19. f5 b5 20. Bb1 (20. b3 b4 21. bxc4 Rxc4
22. Bb3 bxc3 23. Bxc4 cxd2 $17) 20... Nd7 $5 ({I did not wish to help the
enemy knight approach the kingside with} 20... b4 21. Nd1 {[%cal Gd1f2,Gf2g4]})
(20... a4 $5) 21. Re3 {Pressed by the time, my opponent failed to understand
the idea behind my previous move, and he moved his rook to the 3rd rank with a
somewhat nervous gesture.} e6 $1 {White's attack is finally over, without
having ever really started.} 22. Qxd8 Rcxd8 23. b3 $6 (23. fxe6 fxe6 {/\Rf1#})
(23. Rxa5 exf5 ({During the game, we both failed to notice that} 23... Bh6 {
is not lethal because of} 24. Re2 $1 Bxd2 25. Rxd2 exf5 $15) 24. b3 (24. exf5
$6 Bh6 25. Re2 Bxe2 26. Bxh6 Rfe8 $19) 24... Ne5 $1 $17 {[%csl Ga5,Ge3]}) 23...
Bxb3 24. Rxa5 Bh6 25. Re2 Bxd2 26. Rxd2 Rc8 $19 {The rest is easy. Black's
initiative will allow him to win another pawn and simplify to achieve a won
rook ending.} 27. Ne2 exf5 28. h3 fxe4 29. Bxe4 Rfe8 30. Bf3 Ne5 31. Rxb5 Bc4
32. Rbb2 Nxf3 33. gxf3 Bxe2 34. Rxe2 Rxe2 35. Rxe2 Rc1+ 36. Kg2 Rd1 37. Kg3
Rxd5 38. Re1 Kg7 39. h4 Kf6 40. Ra1 h5 41. Kf4 Rf5+ 42. Kg3 Re5 43. Ra6 Ke6 44.
Kf4 Rb5 45. Ra8 Rb4+ 46. Kg5 Rb5+ 47. Kf4 Kf6 48. Rd8 Rb4+ 49. Kg3 Ke7 50. Ra8
Rc4 51. Ra7+ Ke6 52. Rb7 d5 53. Rb6+ Kd7 54. Rf6 Ke7 55. Ra6 Rc7 $1 {Finally,
Black has regrouped and is ready to place his rook behind the d-pawn.} 56. Kf4
Rd7 57. Ke3 Rd6 ({I was not 100% sure whether the ending arising after} 57...
d4+ 58. Kd3 Rd6 59. Rxd6 Kxd6 60. Kxd4 {is won, although I managed to work out
the line} Ke6 61. Ke4 Kf6 62. Kf4 g5+ 63. hxg5+ Kg6 $19 {From a practical
point of view, my decision is safer, though.}) 58. Ra7+ Ke6 59. Kd4 Rc6 60. Ke3
Rc4 61. f4 Rc3+ 62. Kf2 Rh3 63. Ra4 (63. f5+ Kxf5 64. Rxf7+ Ke5 65. Re7+ Kf6
$19 66. Rd7 Rxh4 67. Rxd5 {mate in 32.}) 63... Kf5 64. Ra7 f6 0-1

[Event "Andorra op 16th"]
[Site "Andorra"]
[Date "1998.??.??"]
[Round "8"]
[White "Nataf, Igor Alexandre"]
[Black "Marin, Mihail"]
[Result "1/2-1/2"]
[WhiteElo "2485"]
[BlackElo "2545"]
[Annotator "Marin,M"]
[PlyCount "104"]
[EventDate "1998.06.??"]
[EventType "swiss"]
[EventRounds "9"]
[EventCountry "AND"]
[SourceTitle "EXT 2003"]
[Source "ChessBase"]
[SourceDate "2002.11.25"]
[SourceVersion "1"]
[SourceVersionDate "2002.11.25"]
[SourceQuality "1"]

1. e4 d6 2. d4 Nf6 3. Nc3 g6 4. f4 Bg7 5. Nf3 O-O 6. Bd3 Na6 7. O-O c5 8. d5
Rb8 9. f5 $5 gxf5 (9... b5 $2 10. Nxb5 c4 11. Bxc4 Rxb5 12. Bxb5 Qb6+ 13. Nd4
$18) 10. exf5 (10. Nh4 c4 11. Bxc4 Nxe4 12. Nxe4 (12. Nxf5 Bxf5 13. Rxf5 Qb6+)
12... fxe4 13. Nf5 Bxf5 14. Rxf5 Qb6+ (14... Qc8 15. Qg4 Qxc4 16. Bh6 Qd4+ 17.
Kh1 e3 18. Rg5 Qxg4 19. Rxg4) 15. Kh1 Qd4) 10... Nb4 11. Be2 Bxf5 12. a3 Bxc2 (
12... Na6 13. Nh4 Bg6 14. Bd3 $44) (12... Nxc2 13. Nh4 Nxa1 14. Nxf5) 13. Qd2
Bg6 (13... Qa5 14. axb4 Qxa1 15. Qxc2 cxb4) 14. axb4 cxb4 15. Nd1 Qb6+ 16. Kh1
(16. Ne3 Rbc8 17. Kh1 Bh6 $19) (16. Qe3 Nxd5 17. Qxb6 axb6) 16... Rfc8 (16...
Rbc8 17. Nh4 Rc2 18. Nxg6 Rxd2 19. Nxe7+ Kh8 20. Bxd2 $36) 17. Qg5 (17. Nh4 Rc2
18. Nxg6 Rxd2 19. Nxe7+ Kf8 20. Bxd2 Kxe7 21. Ne3 Ne4) 17... Rc2 18. Be3 Qc7
19. Re1 (19. Nd4 Ne4 20. Qg4 (20. Qh4 Bxd4 21. Bxd4 Rxe2 22. Qh6 f6) 20... h5
21. Qf3 Nd2 (21... Bxd4 22. Bxd4 Nd2 23. Qf4 Nxf1 24. Qh6) 22. Bxd2 Rxd2 23.
Nb3) 19... a6 20. Ra4 $2 (20. Nd4 Rc5 21. Bf3) 20... Rxe2 $6 (20... Qd7 21.
Rxb4 h6 22. Qh4 Nxd5 23. Rb3 Nxe3 $15) 21. Rxe2 Qc4 22. Re1 Nxd5 23. Ra1 Bf6
24. Qg3 Nxe3 25. Nxe3 Qb3 26. Nf5 Qxb2 27. Rab1 Qc2 28. N3d4 Qc3 29. Qf2 (29.
Re3 Qc5) 29... Bxd4 30. Nxd4 Bxb1 31. Rxb1 Qd3 (31... Rc8) 32. Rf1 Kh8 33. Nf5
e6 34. Nh6 (34. Nxd6 Qxd6 35. Qf6+) (34. Ne7 f5 35. Re1 Rf8 36. Rxe6 f4 $15)
34... f5 35. Re1 Qc3 (35... Rf8 36. Rxe6 (36. Qh4 Qc3) 36... f4) 36. Qh4 (36.
Nf7+) 36... Rf8 37. Rxe6 (37. Nf7+ Rxf7 (37... Kg7 38. Ng5) 38. Qd8+ Kg7 39.
Qg5+) 37... Qa1+ 38. Re1 Qf6 39. Qh5 b3 (39... Kg7 40. h4) 40. h4 $5 b2 (40...
a5) (40... Qg6 41. Qg5 Qxg5 42. hxg5 a5 $19) 41. Rb1 b5 $2 (41... Kg7 $2 42.
Rxb2 $3 (42. Qg5+ Qxg5 43. hxg5 Kg6 44. g4 fxg4 45. Nxg4 Rf4 46. Ne3 Rb4 $19)
42... Qxb2 43. Qg5+ Kh8 44. Nf7+ Rxf7 45. Qd8+) (41... Rc8 $1 42. Kh2 (42. Nf7+
Kg7 43. Ng5 h6 $19) 42... Qe5+ (42... Rc1 43. Qe8+ Kg7 44. Nxf5+ Qxf5 45. Qe7+
Kg6 46. Qxd6+ Qf6 47. Qg3+ Kf7 48. Qb3+ Kg7 49. Qg3+) 43. g3 Rc2+ 44. Kh3 Qe4
45. Nxf5 (45. Qxf5 Qg2+ 46. Kg4 Rc4+ 47. Kg5 Rc5) (45. Nf7+ Kg7 46. Qh6+ Kxf7
47. Qxh7+ Ke8 48. Qg8+ Kd7 49. Qf7+ Kc6 $19) 45... Rf2 $19 46. Nh6 Qg2+ 47. Kg4
Qf3+ 48. Kg5 Qxg3+ 49. Qg4 Qe3+ 50. Kh5 Qe8+) 42. Qg5 Qxg5 (42... b4 43. Rxb2
Qxb2 44. Nf7+) 43. hxg5 Kg7 44. Rxb2 Kg6 45. g4 fxg4 46. Nxg4 Rb8 47. Ne3 b4
48. Rd2 b3 49. Rxd6+ Kh5 50. Nc4 (50. Nd1 Rc8 51. Kg2 Rc1 52. Kf3 a5 53. Nb2)
50... Rc8 51. Na3 (51. Rd4 a5 52. Kg2 Rxc4 53. Rxc4 b2) 51... b2 52. Rxa6 Rc1+
1/2-1/2

[Event "Andorra op 16th"]
[Site "Andorra"]
[Date "1998.??.??"]
[Round "4"]
[White "Saravanan, Venkat"]
[Black "Marin, Mihail"]
[Result "0-1"]
[WhiteElo "2375"]
[BlackElo "2545"]
[Annotator "Marin,M"]
[PlyCount "60"]
[EventDate "1998.06.??"]
[EventType "swiss"]
[EventRounds "9"]
[EventCountry "AND"]
[SourceTitle "EXT 2003"]
[Source "ChessBase"]
[SourceDate "2002.11.25"]
[SourceVersion "1"]
[SourceVersionDate "2002.11.25"]
[SourceQuality "1"]

1. e4 d6 2. d4 Nf6 3. Nc3 g6 4. f4 Bg7 5. Nf3 O-O 6. Bd3 Na6 7. O-O c5 8. d5
Rb8 9. Qe1 Nb4 10. a3 Nxd3 11. cxd3 Bg4 12. Qh4 b5 13. f5 b4 14. Nd1 (14. axb4
cxb4 15. Nd1 a5) 14... Qb6 15. Bh6 (15. Ne3 Bxf3 (15... c4 16. dxc4 Bxf3 17.
gxf3 b3 $44) 16. Nc4 (16. Rxf3 c4 17. dxc4 Qd4 18. fxg6 hxg6 19. axb4 Rxb4 $36)
16... Qc7 17. Rxf3 bxa3 18. Rxa3 Rb4 19. Bg5 Rfb8 20. Rh3 h5 21. fxg6 fxg6 22.
Bd2 Rb3) (15. axb4 c4+ 16. Be3 Qxb4 {Saravanan}) 15... c4+ 16. Kh1 (16. Be3 Qc7
(16... Qa6 17. Nf2 Bxf3 18. axb4)) 16... Bxf3 17. Rxf3 cxd3 18. Bxg7 Kxg7 19.
Rxd3 Qb5 20. Nf2 bxa3 21. bxa3 (21. Rdxa3 Qxb2 22. Rxa7 Rfc8 $17) 21... Rfc8
22. Rg1 Rc2 23. Rf3 Qc4 24. fxg6 (24. Ng4 Nxg4 25. Qxg4 Rb1 26. h3 Rcc1 27.
Rxc1 Qxc1+ 28. Kh2 Qg1+ 29. Kg3 Rb2 $19) 24... Rc1 $1 (24... hxg6 $2 25. Rh3
Nh5 26. g4 $36) (24... fxg6 $2 25. Ng4 Nxg4 $2 26. Qxe7+ Kg8 27. Qe6+ Kg7 28.
Qxg4) (24... Rb1 $1 25. Nh3 Rxg1+ 26. Nxg1 Qxe4 $3 $17) 25. g4 (25. h3 Rbb1 26.
Rxc1 Qxc1+ 27. Kh2 hxg6 $19) (25. Rxf6 Rxg1+ 26. Kxg1 Rb1+ 27. Nd1 Qd4+ $1 $19)
25... Rbb1 26. Rxc1 Qxc1+ 27. Kg2 hxg6 {g5} 28. Rd3 Qf1+ 29. Kf3 (29. Kg3 Nxe4+
30. Nxe4 Qxd3+ $19) 29... Rb2 30. Re3 (30. Rc3 Rxf2+ 31. Qxf2 Qxf2+ 32. Kxf2
Nxe4+ 33. Ke3 Nxc3) 30... Nd7 (30... Rxf2+ 31. Qxf2 Qxf2+ 32. Kxf2 Nxg4+ 33.
Kf3 Nxe3 34. Kxe3 Kf6 $19) (30... Nxg4 31. Kxg4 Rxf2 32. Qxe7 Rf4+ 33. Kg5 Qf2
34. Rg3 Qd2 $19) (30... Nd7 31. Rc3 Ne5+ 32. Ke3 Qe1+ $19) 0-1